[Event "Petrovskaya Ladya IM1"]
[Site "Peterhof"]
[Date "2007.08.10"]
[Round "8"]
[White "Timofeev, Andrei"]
[Black "Pogosian, Vladimir"]
[Result "0-1"]
[WhiteElo "2256"]
[BlackElo "2175"]
[PlyCount "152"]
[EventDate "2007.08.06"]
[EventType "tourn"]
[EventRounds "13"]
[EventCountry "RUS"]
[EventCategory "3"]
[SourceTitle "CBM 119 Extra"]
[Source "ChessBase"]
[SourceDate "2007.09.04"]
[SourceVersion "1"]
[SourceVersionDate "2007.09.04"]
[SourceQuality "1"]

1. c4 f5 2. Nc3 Nf6 3. Nf3 Nc6 4. e3 g6 5. g3 Bg7 6. Bg2 0-0 7. 0-0 Kh8 8. Ne1 e5 9. Rb1 g5 10. Nd5 d6 11. d3 f4 12. Nxf6 Qxf6 13. exf4 gxf4 14. Qh5 Bf5 15. b4 Bg6 16. Qh3 Rab8 17. Be4 Nd4 18. f3 fxg3 19. hxg3 Bxe4 20. dxe4 Rf7 21. Rb2 Rbf8 22. Be3 Qg6 23. Rbf2 Bf6 24. Bxd4 exd4 25. Kg2 Rg7 26. Nd3 Bg5 27. c5 Be3 28. cxd6 Bxf2 29. Rxf2 cxd6 30. Kh2 Qg5 31. f4 Qb5 32. g4 Qd7 33. f5 Qe7 34. Rf4 Qg5 35. Kg3 Rc8 36. Qh4 h6 37. Ne1 Rc3+ 38. Nf3 Rgc7 39. f6 Kg8 40. Rf5 Rxf3+ 41. Rxf3 Rc3 42. Qh1 Qxf6 43. Rxc3 dxc3 44. Qd1 Qe5+ 45. Kf3 Kg7 46. Qd3 Kf6 47. Qc4 Kg5 48. Qg8+ Kh4 49. Qd8+ Kh3 50. Qc7 Qg3+ 51. Ke2 Qxg4+ 52. Kd3 Qg3+ 53. Kc2 h5 54. Qxb7 Qe3 55. Kb3 h4 56. Qd7+ Kg2 57. Qg4+ Qg3 58. Qe2+ Qf2 59. Qg4+ Kh2 60. Qg6 Qb2+ 61. Kc4 c2 62. Qxd6+ Kg2 63. Qd2+ Kf3 64. Qd3+ Kf4 65. Qd2+ Kxe4 66. Qd5+ Kf4 67. Qd2+ Kf5 68. Qd5+ Qe5 69. Qf7+ Kg5 70. Qg8+ Kf4 71. Qf8+ Ke3 72. Kb3 c1Q 73. Qh6+ Qf4 74. Qe6+ Kf2 75. Ka4 Qcc4 76. a3 Qxe6 0-1

[Event "Petrovskaya Ladya IM1"]
[Site "Peterhof"]
[Date "2007.08.09"]
[Round "7"]
[White "Romcovici, Victor"]
[Black "Timofeev, Andrei"]
[Result "1/2-1/2"]
[WhiteElo "2232"]
[BlackElo "2256"]
[PlyCount "132"]
[EventDate "2007.08.06"]
[EventType "tourn"]
[EventRounds "13"]
[EventCountry "RUS"]
[EventCategory "3"]
[SourceTitle "CBM 119 Extra"]
[Source "ChessBase"]
[SourceDate "2007.09.04"]
[SourceVersion "1"]
[SourceVersionDate "2007.09.04"]
[SourceQuality "1"]

1. e4 c6 2. Nc3 d5 3. Qf3 d4 4. Bc4 Nf6 5. e5 dxc3 6. exf6 cxd2+ 7. Bxd2 gxf6 8. Qh5 e6 9. 0-0-0 Qe7 10. Nf3 Qc5 11. Qh4 Be7 12. Rhe1 Nd7 13. Be3 Qa5 14. Bh6 Rg8 15. Bd2 Qf5 16. Bd3 Qg4 17. Qxh7 Nf8 18. Qh6 Bd7 19. h3 Qa4 20. Kb1 c5 21. b3 Qc6 22. Be4 Qc8 23. g4 a5 24. Bc3 Bc6 25. Nd2 Nd7 26. Qh7 Rf8 27. f4 Qc7 28. Bxc6 Qxc6 29. Qe4 Qxe4 30. Rxe4 b5 31. a4 b4 32. Bb2 Nb6 33. f5 e5 34. g5 0-0-0 35. gxf6 Bxf6 36. Ree1 Bh4 37. Rxe5 Bg5 38. Rxc5+ Kb7 39. Bc1 Rd4 40. Rxa5 Nd5 41. Rg1 Bxd2 42. Bxd2 Rxd2 43. Kc1 Rd4 44. Rg4 Rxg4 45. hxg4 Rd8 46. Kd2 Nc3+ 47. Ke3 f6 48. Rc5 Nd5+ 49. Kf3 Kb6 50. Rc4 Re8 51. Re4 Rc8 52. Re6+ Kc5 53. a5 Kd4 54. Re4+ Kc3 55. Rc4+ Rxc4 56. bxc4 Nc7 57. g5 Kxc2 58. gxf6 b3 59. f7 b2 60. f8Q b1Q 61. Qc5 Qh1+ 62. Kg3 Qh7 63. Qb6 Kc3 64. a6 Nxa6 65. Qxa6 Qxf5 66. Qb5 Qd3+ 1/2-1/2

[Event "Petrovskaya Ladya IM1"]
[Site "Peterhof"]
[Date "2007.08.08"]
[Round "4"]
[White "Bets, Anatolij"]
[Black "Timofeev, Andrei"]
[Result "1/2-1/2"]
[WhiteElo "2348"]
[BlackElo "2256"]
[PlyCount "84"]
[EventDate "2007.08.06"]
[EventType "tourn"]
[EventRounds "13"]
[EventCountry "RUS"]
[EventCategory "3"]
[SourceTitle "CBM 119 Extra"]
[Source "ChessBase"]
[SourceDate "2007.09.04"]
[SourceVersion "1"]
[SourceVersionDate "2007.09.04"]
[SourceQuality "1"]

1. d4 d5 2. c4 c6 3. e3 Nf6 4. Nf3 g6 5. cxd5 Nxd5 6. e4 Nb6 7. h3 Bg7 8. Be2 0-0 9. 0-0 Qc7 10. Nc3 N8d7 11. Bg5 e5 12. Rc1 Qd6 13. d5 Nb8 14. Qb3 Bd7 15. Rfd1 c5 16. Nb5 Bxb5 17. Bxb5 Rc8 18. Be3 Rc7 19. a4 a5 20. Nd2 N8d7 21. Bxd7 Nxd7 22. Nc4 Qa6 23. Bd2 b6 24. Bg5 Rb8 25. Na3 c4 26. Rxc4 Rxc4 27. Qxc4 Qxc4 28. Nxc4 Nc5 29. Be7 Nd7 30. Nd6 Bf8 31. Bxf8 Kxf8 32. Rc1 Ke7 33. Nc8+ Kd8 34. Na7 Ra8 35. Nc6+ Ke8 36. f3 f6 37. Rc4 Nc5 38. h4 Kd7 39. g4 Kd6 40. Kf1 f5 41. gxf5 gxf5 42. Ke2 fxe4 1/2-1/2

[Event "St Petersburg White Nights op"]
[Site "St Petersburg"]
[Date "2007.07.01"]
[Round "7"]
[White "Timofeev, Andrei"]
[Black "Sichinava, Zviad"]
[Result "0-1"]
[WhiteElo "2251"]
[BlackElo "2140"]
[PlyCount "78"]
[EventDate "2007.06.25"]
[EventType "swiss"]
[EventRounds "9"]
[EventCountry "RUS"]
[SourceTitle "CBM 119 Extra"]
[Source "ChessBase"]
[SourceDate "2007.09.04"]
[SourceVersion "1"]
[SourceVersionDate "2007.09.04"]
[SourceQuality "1"]

1. c4 Nf6 2. Nc3 e6 3. e4 d5 4. e5 d4 5. exf6 dxc3 6. bxc3 Qxf6 7. d4 b6 8. Nf3 Bb7 9. Be2 h6 10. 0-0 Bd6 11. Qd3 0-0 12. Bd1 Rd8 13. Re1 Nd7 14. Nd2 Nc5 15. Qc2 Nd7 16. Ne4 Bxe4 17. Qxe4 c5 18. Bc2 Nf8 19. f4 cxd4 20. cxd4 Bb4 21. Bb2 Bxe1 22. Rxe1 Rac8 23. Bb3 Qf5 24. Qe3 Rd7 25. g3 Rcd8 26. a4 Ng6 27. Re2 Ne7 28. Bc2 Qg4 29. Rd2 Nf5 30. Qe4 h5 31. Bd1 Qg6 32. Bf3 Nxd4 33. Rf2 Qxe4 34. Bxe4 f5 35. Bg2 Nb3 36. Bc3 Rd1+ 37. Bf1 Nd2 38. Bxd2 R8xd2 39. Rf3 Ra2 0-1

[Event "St Petersburg White Nights op"]
[Site "St Petersburg"]
[Date "2007.06.27"]
[Round "3"]
[White "Timofeev, Andrei"]
[Black "Eidelson, Rakhil"]
[Result "1/2-1/2"]
[WhiteElo "2251"]
[BlackElo "2165"]
[PlyCount "75"]
[EventDate "2007.06.25"]
[EventType "swiss"]
[EventRounds "9"]
[EventCountry "RUS"]
[SourceTitle "CBM 119 Extra"]
[Source "ChessBase"]
[SourceDate "2007.09.04"]
[SourceVersion "1"]
[SourceVersionDate "2007.09.04"]
[SourceQuality "1"]

1. c4 Nf6 2. Nc3 g6 3. e3 Bg7 4. g3 d5 5. cxd5 Nxd5 6. Bg2 Nxc3 7. bxc3 0-0 8. d4 c5 9. Ne2 Nc6 10. 0-0 cxd4 11. cxd4 Bf5 12. Ba3 Re8 13. Rc1 Qa5 14. Qb3 Qa6 15. Rfe1 Rad8 16. Nc3 Rc8 17. Na4 Na5 18. Qb4 Nc6 19. Qc4 b5 20. Nc5 Qxa3 21. Qxb5 Na5 22. Qa6 e5 23. Nb3 Nc4 24. Qxa3 Nxa3 25. Bc6 Red8 26. e4 Bh6 27. f4 exf4 28. exf5 fxg3 29. Rc5 Bf8 30. Rcc1 gxh2+ 31. Kxh2 a5 32. d5 Bd6+ 33. Kh3 Bf4 34. Rc5 a4 35. Nd4 Bd2 36. Rd1 Bb4 37. Rcc1 Be7 38. Nf3 1/2-1/2

[Event "St Petersburg White Nights op"]
[Site "St Petersburg"]
[Date "2007.06.26"]
[Round "2"]
[White "Zakharov, Yuri Vasilievich"]
[Black "Timofeev, Andrei"]
[Result "1/2-1/2"]
[WhiteElo "2078"]
[BlackElo "2251"]
[PlyCount "146"]
[EventDate "2007.06.25"]
[EventType "swiss"]
[EventRounds "9"]
[EventCountry "RUS"]
[SourceTitle "CBM 119 Extra"]
[Source "ChessBase"]
[SourceDate "2007.09.04"]
[SourceVersion "1"]
[SourceVersionDate "2007.09.04"]
[SourceQuality "1"]

1. Nf3 d5 2. g3 c6 3. Bg2 Nf6 4. 0-0 Bg4 5. Ne5 Bh5 6. d4 e6 7. b3 Nbd7 8. Bb2 Nxe5 9. dxe5 Nd7 10. Nd2 Qc7 11. f4 Qb6+ 12. Kh1 Qa6 13. Bf3 Bxf3+ 14. Rxf3 g6 15. e4 h5 16. Qf1 Qa5 17. Qe2 Bb4 18. c3 Be7 19. a4 Qc7 20. Rc1 a5 21. exd5 cxd5 22. c4 Qc6 23. cxd5 Qxd5 24. Nc4 0-0 25. Qd3 Qxd3 26. Rxd3 Nc5 27. Rf3 Rfd8 28. Ba3 Bf8 29. Kg1 Ra6 30. Kf1 Rd5 31. Ke2 Rd8 32. Rc2 Rb8 33. Bxc5 Bxc5 34. Rd3 Bb4 35. Nd6 Rc6 36. Rxc6 bxc6 37. Nc4 Rb7 38. Kd1 Kg7 39. h4 Ra7 40. Ke2 Be7 41. Kf3 Kf8 42. Ke4 Ke8 43. Nd6+ Bxd6 44. Rxd6 Rb7 45. Rd3 Rb4+ 46. Ke3 c5 47. Rc3 c4 48. bxc4 Rxa4 49. Kd4 Kd7 50. Kc5 Kc7 51. Kb5 Ra1 52. c5 a4 53. c6 a3 54. Kb4 a2 55. Kb3 Rb1+ 56. Kxa2 Rb6 57. Rd3 Kxc6 58. Rd6+ Kc5 59. Rd7 Kc4 60. Rxf7 Kd3 61. Rd7+ Kc2 62. Rd6 Rb2+ 63. Ka3 Rb3+ 64. Ka4 Rxg3 65. Rxe6 Kd3 66. Rf6 Ke4 67. e6 Kd5 68. e7 Re3 69. f5 gxf5 70. Rxf5+ Kd6 71. Rxh5 Kxe7 72. Kb5 Kf6 73. Kc6 Kg6 1/2-1/2

[Event "St Petersburg Zak Memorial"]
[Site "St Petersburg"]
[Date "2007.03.30"]
[Round "7"]
[White "Timofeev, Andrei"]
[Black "Fedoseev, Sergey"]
[Result "1-0"]
[WhiteElo "2335"]
[BlackElo "2243"]
[PlyCount "109"]
[EventDate "2007.03.24"]
[EventType "swiss"]
[EventRounds "9"]
[EventCountry "RUS"]
[SourceTitle "CBM 117 Extra"]
[Source "ChessBase"]
[SourceDate "2007.05.09"]
[SourceVersion "1"]
[SourceVersionDate "2007.05.09"]
[SourceQuality "1"]

1. c4 e5 2. Nc3 Nf6 3. Nf3 Nc6 4. d3 d5 5. cxd5 Nxd5 6. g3 Nb6 7. Bg2 Be7 8. 0-0 Be6 9. a3 f6 10. b4 a5 11. b5 Nd4 12. Nxd4 exd4 13. Na4 Rb8 14. Nxb6 cxb6 15. Bf4 Bd6 16. Qd2 0-0 17. Rfc1 Be5 18. Bxe5 fxe5 19. Be4 Rf7 20. h4 a4 21. Qg5 Qxg5 22. hxg5 g6 23. Rab1 Rd8 24. Rb4 Bb3 25. Kg2 Kg7 26. Rf1 Rdf8 27. f3 Rc8 28. f4 Rcf8 29. Rf3 exf4 30. Rxf4 Rxf4 31. gxf4 Rd8 32. Bxb7 Kf7 33. Kf3 Ke6 34. Ke4 Bd1 35. Rxd4 Rxd4+ 36. Kxd4 Bxe2 37. Bc8+ Kd6 38. f5 Bf3 39. f6 Bd5 40. Bh3 Bf7 41. Bg2 Bb3 42. Bc6 Bf7 43. Ke4 Be6 44. d4 Bf5+ 45. Kf4 Be6 46. Be8 Bd5 47. Bc6 Be6 48. d5 Bf7 49. Ke4 Bg8 50. Kd4 Bf7 51. Kc4 Ke5 52. Kb4 h5 53. gxh6 Kxf6 54. h7 Kg7 55. d6 1-0